Sultan Mehmood Ghazanvi [UIrdu] (Record no. 268868)

000 -LEADER
fixed length control field 00232 a2200097 4500
001 - CONTROL NUMBER
control field 33795
090 ## - LOCALLY ASSIGNED LC-TYPE CALL NUMBER (OCLC); LOCAL CALL NUMBER (RLIN)
-- 22447
-- 22447
100 ## - MAIN ENTRY--PERSONAL NAME
Personal name Almas M. A.
245 ## - TITLE STATEMENT
Title Sultan Mehmood Ghazanvi [UIrdu]
260 ## - PUBLICATION, DISTRIBUTION, ETC.
Place of publication, distribution, etc. Lahore
Name of publisher, distributor, etc. Maktabh Al Quresh
Date of publication, distribution, etc. 2004
942 ## - ADDED ENTRY ELEMENTS (KOHA)
Institution code [OBSOLETE] NUST-CAE
Koha item type
--
Holdings
Withdrawn status Lost status Damaged status Not for loan Collection code Permanent Location Current Location Date acquired Total Checkouts Barcode Date last seen Price effective from Koha item type
          College of Aeronautical Engineering (CAE) College of Aeronautical Engineering (CAE) 04/03/2017   CAE75550 04/05/2017 04/05/2017 Book
© 2023 Central Library, National University of Sciences and Technology. All Rights Reserved.